| 000 | 00433nim a2200157 i 4500 | ||
|---|---|---|---|
| 001 | bg | ||
| 100 | 1 | _aCHARLIAC, Lucile | |
| 245 | 1 | 0 |
_aEntendre comprendre : _bentraînez-vous : niveau débutant / _cLucile Charliac, Annie-Claudie Motron. |
| 260 |
_bCLE, _ccop. 1994. |
||
| 300 | _a2 kasety dźw. | ||
| 700 | 1 | _aMOTRON, Annie-Claudie | |
| 040 | _cBPK | ||
| 041 | 0 | _afra | |
| 942 | _cTM | ||
| 008 | s pl f |000 0 pol | ||
| 999 |
_c35272 _d35272 |
||
| 856 |
_uhttp://koha.tu.koszalin.pl/cgi-bin/koha/opac-detail.pl?biblionumber=35272 _yKatalog online BPK |
||